000 00672nam a22002417a 4500
003 UA-OsUOA
001 60913
007 ta
008 20090610b un ||||| |||| 00| 0 ukr d
100 _aСупронюк О. К.
090 _a82.09:929
_bС89
942 _cBK
040 _aUA-OsUOA
_brus
_cUA-OsUOA
_dUA-OsUOA
245 _aЛитературная среда раннего Гоголя
300 _a177 с.
955 _a2
041 _arus
080 _a82.09:929
020 _a978-966-360-113-7
260 _aК.
_bАКАДЕМПЕРИОДИКА
_c2009
650 7 _a82 Література. Літературознавство
_2UDC
999 _c347041
_d347041